Законы физики: учебное пособие

Մատենագիտական մանրամասներ
Հիմնական հեղինակ: Иванов Б. Н. Борис Николаевич
Լեզու:ռուսերեն
Հրապարակվել է: Москва, Высшая школа, 1986
Խորագրեր:
Ձևաչափ: Գիրք
KOHA link:https://koha.lib.tpu.ru/cgi-bin/koha/opac-detail.pl?biblionumber=33079

MARC

LEADER 00000nam0a2200000 4500
001 33079
005 20231101210134.0
035 |a (RuTPU)RU\TPU\book\33398 
035 |a BOOK00000049 
090 |a 33079 
100 |a 20011210d1986 m y0rusy50 ca 
101 0 |a rus 
102 |a RU 
105 |a y j 000zy 
200 1 |a Законы физики  |e учебное пособие  |f Б. Н. Иванов 
210 |a Москва  |c Высшая школа  |d 1986 
215 |a 334 с. 
606 |a Физика  |2 stltpush  |3 (RuTPU)RU\TPU\subj\63709  |9 80688 
610 1 |a законы 
610 1 |a учебные пособия 
675 |a 53(075.4)  |v 3 
700 1 |a Иванов  |b Б. Н.  |g Борис Николаевич 
801 0 |a RU  |b 63413507  |c 20011210  |g PSBO 
801 2 |a RU  |b 63413507  |c 20150115  |g PSBO 
900 |a Физика 
942 |c BK